| 000 | 00000cam 2200000zi 4500 |
| 001 | 9.963270 |
| 003 | CaOODSP |
| 005 | 20260603085814 |
| 006 | m o d f |
| 007 | cr |n||||||||| |
| 008 | 260603s1977 oncd obs f000 0 eng d |
| 040 | |aCaOODSP|beng|erda|cCaOODSP |
| 043 | |an-cn--- |
| 086 | 1 |aJS22-78/1977E-PDF |
| 245 | 04|aThe female offender - selected statistics. |
| 264 | 1|a[Ottawa] : |bSolicitor General Canada = Soliciteur général Canada, |cSpring 1977. |
| 300 | |a1 online resource (32, [2] pages) : |bgraphs |
| 336 | |atext|btxt|2rdacontent |
| 337 | |acomputer|bc|2rdamedia |
| 338 | |aonline resource|bcr|2rdacarrier |
| 500 | |aIssued also in French under title: La femme délinquante - statistiques choisies. |
| 500 | |aDigitized edition from print [produced by Public Safety Canada]. |
| 504 | |aIncludes bibliographical references. |
| 650 | 0|aFemale offenders|zCanada|vStatistics. |
| 655 | 7|aStatistics|2lcgft |
| 710 | 1 |aCanada. |bSolicitor General Canada, |eissuing body. |
| 775 | 08|tLa femme délinquante - statistiques choisies.|w(CaOODSP)9.963272 |
| 856 | 40|qPDF|s1.37 MB|uhttps://publications.gc.ca/collections/collection_2026/sp-ps/JS22-78-1977-eng.pdf |